000 01011nam a2200265Ia 4500
008 130821s2003 ag gr spa
020 _a9879355105
040 _aCo-BoUCM
_bspa
041 0 0 _aspa
245 0 0 _aDesarrollo Local una respuesta a escala humana a la globalización
_cCompiladores David Burin, Ana Inés Heras
260 _aBuenos Aires (Argentina)
_bEdiciones Ciccus
_c2003
300 _a301 páginas
490 _aColección Signo
650 0 4 _aAdministración pública
_9355
650 0 4 _aDesarrollo rural
_zArgentina
_912990
650 0 4 _aDescentralización administrativa
_zArgentina
_9156
650 0 4 _aGlobalización
_zArgentina
_9216
650 0 4 _aGobierno local
_zArgentina
_916479
650 0 4 _aOrganización de la comunidad
_zArgentina
_920852
650 0 4 _aPlanificación regional
_zArgentina
_97932
700 1 _aBurin, David
_ecomp.
_9162275
700 1 _aHeras, Ana Inés
_ecomp.
_9162276
942 _cLIBRO
_a16
_e1
_mD441
_2DEWEY
_h351.818
999 _c47816
_d47816